Tilastot visalle Pohjoismaiden ristin liput

Klikkaa tästä pelataksesi tätä visaa!

Yleistilastot

  • Tätä visaa on pelattu 43 kertaa
  • Keskiarvotulos 6 / 8

Vastaustilastot

Vastaus% Oikein
Ruotsi
97%
Suomi
97%
Norja
94%
Tanska
94%
Islanti
92%
Åland
53%
Färsaaret
53%
Scania
8%

Tulosjakauma

Persentiili vastausten määrän mukaan

Jokaisen tuloksen saaneiden osuus

Tuloshistoriasi

Et ole pelannut tätä visaa